000 00816cam a22002651 4500
001 sa 68012585
003 DLC
005 20260227112611.0
008 941027s1965 ii 000 0 beno
010 _asa 68012585
025 _aPL480:EP-B-949
035 _a(OCoLC)31368365
040 _aDLC
_cCU
_dCU
_dDLC
042 _apremarc
050 0 0 _aDS318.S6
_bS5
100 1 _aSiddikī, Ānisa,
_d1935-
245 1 0 _aYakhana āmi rāṇī chilāma.
260 _c[1965]
300 _a152 p.
_c22 cm.
500 _aIn Bengali.
500 _a"Written by [the author] in the form of an autobiography of the ex-queen of Iran." Cf. author's letter, March 25, 1968.
500 _aIncludes some articles by Princess Soraya.
600 0 0 _aSoraya,
_cPrincess,
_d1932-2001.
700 0 _aSoraya,
_cPrincess,
_d1932-2001.
999 _c84598
_d84598